000 00666cam a2200145 4500500
005 20260111094733.0
041 _afre
042 _adc
100 1 0 _aLarguier, Gilbert
_eauthor
245 0 0 _aEnric Saguer i Hom (dir.), Forçats a foc i llum. Una història oral dels últims masovers de la regió de Girona, 1930-2000, Barcelona, Departament de Cultura, Generalitat de Catalunya, 2012, 500 p., 17,10 €
260 _c2014.
500 _a22
786 0 _nHistoire & Sociétés Rurales | 41 | 1 | 2014-07-01 | p. 195z-266z | 1254-728X
856 4 1 _uhttps://shs.cairn.info/revue-histoire-et-societes-rurales-2014-1-page-195z?lang=fr&redirect-ssocas=7080
999 _c1629146
_d1629146